000 00708nam a2200157Ia 4500
008 151213s9999 xx 000 0 und d
020 _a984-300-001828-3
100 _aবাংলাদেশ ন্যাশনাল লাইব্রেরী
245 _aবাংলাদেশ জাতীয় গ্রন্থপঞ্চি-২০০৯
_cবাংলাদেশ ন্যাশনাল লাইব্রেরী
260 _aঢাকা
_bসাংস্কৃতিক মন্তণালয়
_c2008
300 _a7173 p.
650 _aBibliography
650 _aReference
700 _aবাংলাদেশ ন্যাশনাল লাইব্রেরী
999 _c3813
_d3813